<?xml version="1.0" encoding="UTF-8"?><marc:collection xmlns:marc="http://www.loc.gov/MARC21/slim">
  <marc:record>
    <marc:leader>00000nam  2200000za 4500</marc:leader>
    <marc:controlfield tag="001">9.846388</marc:controlfield>
    <marc:controlfield tag="003">CaOODSP</marc:controlfield>
    <marc:controlfield tag="005">20221107153206</marc:controlfield>
    <marc:controlfield tag="007">cr |||||||||||</marc:controlfield>
    <marc:controlfield tag="008">171031s2018    qucab   ob   f000 0 fre d</marc:controlfield>
    <marc:datafield tag="020" ind1=" " ind2=" ">
      <marc:subfield code="a">9780660237343</marc:subfield>
      <marc:subfield code="z">9780660237350</marc:subfield>
    </marc:datafield>
    <marc:datafield tag="040" ind1=" " ind2=" ">
      <marc:subfield code="a">CaOODSP</marc:subfield>
      <marc:subfield code="b">fre</marc:subfield>
    </marc:datafield>
    <marc:datafield tag="043" ind1=" " ind2=" ">
      <marc:subfield code="a">n-cn-qu</marc:subfield>
    </marc:datafield>
    <marc:datafield tag="086" ind1="1" ind2=" ">
      <marc:subfield code="a">R64-105/8-2018F-PDF</marc:subfield>
      <marc:subfield code="z">R64-105/8-2018F</marc:subfield>
    </marc:datafield>
    <marc:datafield tag="110" ind1="2" ind2=" ">
      <marc:subfield code="a">Parcs Canada.</marc:subfield>
    </marc:datafield>
    <marc:datafield tag="245" ind1="1" ind2="0">
      <marc:subfield code="a">Lieu historique national du Canada des Fortifications-de-Québec incluant les lieux historiques nationaux du Canada des Forts-et-Châteaux-Saint-Louis, du Parc-Montmorency et des Forts-de-Lévis </marc:subfield>
      <marc:subfield code="h">[ressource électronique] : </marc:subfield>
      <marc:subfield code="b">plan directeur 2018.</marc:subfield>
    </marc:datafield>
    <marc:datafield tag="246" ind1="1" ind2="7">
      <marc:subfield code="a">Lieu historique national des Fortifications-de-Québec : </marc:subfield>
      <marc:subfield code="b">plan directeur</marc:subfield>
    </marc:datafield>
    <marc:datafield tag="260" ind1=" " ind2=" ">
      <marc:subfield code="a">[Gatineau, QC] : </marc:subfield>
      <marc:subfield code="b">Parcs Canada, </marc:subfield>
      <marc:subfield code="c">c2018.</marc:subfield>
    </marc:datafield>
    <marc:datafield tag="300" ind1=" " ind2=" ">
      <marc:subfield code="a">x, 15 p. : </marc:subfield>
      <marc:subfield code="b">cartes en coul., ill. en coul.</marc:subfield>
    </marc:datafield>
    <marc:datafield tag="500" ind1=" " ind2=" ">
      <marc:subfield code="a">Publ. aussi en anglais sous le titre : Fortifications of Québec National Historic Site of Canada including Saint-Louis Forts and Châteaux, Montmorency Park and Lévis Forts national historic sites of Canada: management plan 2018.</marc:subfield>
    </marc:datafield>
    <marc:datafield tag="500" ind1=" " ind2=" ">
      <marc:subfield code="a">Titre de la couv.</marc:subfield>
    </marc:datafield>
    <marc:datafield tag="500" ind1=" " ind2=" ">
      <marc:subfield code="a">Publ. aussi en format HTML.</marc:subfield>
    </marc:datafield>
    <marc:datafield tag="504" ind1=" " ind2=" ">
      <marc:subfield code="a">Comprend des références bibliographiques.</marc:subfield>
    </marc:datafield>
    <marc:datafield tag="520" ind1=" " ind2=" ">
      <marc:subfield code="a">« Le lieu historique national des Fortifications-de-Québec témoigne du système défensif de Québec entre 1608 et 1871, principale place forte du Canada à l’époque coloniale. Dans le cadre du présent document, les lieux historiques nationaux des Fortifications-de-Québec, des Forts-et-Châteaux-Saint-Louis, du Parc-Montmorency et des Forts-de-Lévis ont été regroupés puisqu’ils constituent les quatre sites opérationnels propriétés de Parcs Canada associés aux fortifications de Québec. Le présent plan directeur orientera la gestion, l’opération et le développement du lieu pour les dix prochaines années et s'appuiera sur les quatre stratégies clés suivantes : un lieu authentique porteur de valeurs historiques quatre fois centenaire; un lieu signature de Parcs Canada pour la région de Québec; un patrimoine mondial reconnu et protégé; le fort Numéro-Un, un lieu historique bien intégré dans son milieu » -- Résumé, p. vii.</marc:subfield>
    </marc:datafield>
    <marc:datafield tag="530" ind1=" " ind2=" ">
      <marc:subfield code="a">Également publ. en version imprimée.</marc:subfield>
    </marc:datafield>
    <marc:datafield tag="693" ind1=" " ind2="4">
      <marc:subfield code="a">Lieu historique national des Fortifications-de-Québec (Québec et Lévis, Québec)</marc:subfield>
    </marc:datafield>
    <marc:datafield tag="693" ind1=" " ind2="4">
      <marc:subfield code="a">Gestion</marc:subfield>
    </marc:datafield>
    <marc:datafield tag="775" ind1="0" ind2="8">
      <marc:subfield code="t">Fortifications of Québec National Historic Site of Canada including Saint-Louis Forts and Châteaux, Montmorency Park and Lévis Forts national historic sites of Canada </marc:subfield>
      <marc:subfield code="w">(CaOODSP)9.846382</marc:subfield>
    </marc:datafield>
    <marc:datafield tag="776" ind1="0" ind2="#">
      <marc:subfield code="t">Lieu historique national du Canada des Fortifications-de-Québec : </marc:subfield>
      <marc:subfield code="w">(CaOODSP)9.846390</marc:subfield>
    </marc:datafield>
    <marc:datafield tag="856" ind1="4" ind2="0">
      <marc:subfield code="q">PDF</marc:subfield>
      <marc:subfield code="s">1.81 Mo</marc:subfield>
      <marc:subfield code="u">https://publications.gc.ca/collections/collection_2018/pc/R64-105-8-2018-fra.pdf</marc:subfield>
    </marc:datafield>
    <marc:datafield tag="856" ind1="4" ind2=" ">
      <marc:subfield code="q">HTML</marc:subfield>
      <marc:subfield code="s">S.O.</marc:subfield>
      <marc:subfield code="u">https://www.pc.gc.ca/fr/lhn-nhs/qc/fortifications/info/gestion-management-2018</marc:subfield>
    </marc:datafield>
  </marc:record>
</marc:collection>
